000 00256nam a22001097a 4500
082 _a670.42 MUD'L
100 _aMUDGE, I. W
_957251
245 _aLABORATORY EXPERIMENTS IN WORKSHOP TECHNOLOGY
260 _aLONDON
_bEUP
_c1962
300 _a94P
942 _cBK
999 _c567543
_d567543